000 nam a22 4500
999 _c9156
_d9156
008 180413b ||||| |||| 00| 0 eng d
100 _927348
_aUdtohan, Leo
245 _aState of calamity in Bohol:
_bPower shortage caused by quake in Leyte hurting tourism, a major source of income
_cLeo Udtohan
260 _aPhilippines
_bPhilippine Daily Inquirer
_cc2017
300 _apage A14.
650 0 _927349
_aNatural disaster.
942 _2ddc
_cPER